000 00827nam a2200229Ii 4500
003 JO-AjNU
008 230605s9999||||xx |||||||||||||| ||und||
017 _a2016/4/1479
020 _a978-9957-582-87-6
040 _aJO-AjNU
_bara
_erda
_cJO-AjNU
041 _aara
050 1 4 _aQK711.2 2017
100 3 _aالملاح، مزاحم قاسم؛ م. مشارك قتيبة شعيب النعمه,
_eauthor
_964373
245 0 0 _aبروتوبلاست النبات عزلة وزراعته وتطبيقاته
250 _aط1
264 3 1 _aعمان: دار الوضاح للنشر، دار دجلة ناشرون وموزعون،2017
300 _a184ص
336 _atext
_btxt
_2rdacontent
337 _aunmediated
_bn
_2rdamedia
338 _avolume
_bnc
_2rdacarrier
650 4 _aالنبات- فيزيولوجيا
_964374
999 _aA29250
_c32818
_d32818